LEADER 01040nam0-2200253 --450 001 9910252856503321 005 20180206110622.0 100 $a20180206d1946----km y0itay50 ba 101 0 $aita 102 $aIT 105 $a 001yy 200 1 $aCarichi da considerare nel calcolo dei ponti per strade ordinarie$ecircolari n. 6018 del 9 giugno 1945 e n. 772 del 12 giugno 1946$fMinistero dei lavori pubblici, Direzione generale dei servizi tecnici e consiglio superiore 210 $aRoma$cLa libreria dello Stato$d1946 215 $a8 p., c. tav.$d21 cm 610 0 $aIngegneria civile$aLegislazione$aItalia 710 01$aItalia.$bMinistero dei lavori pubblici.$bDirezione generale dei servizi tecnici 711 01$aItalia.$bMinistero dei lavori pubblici.$bConsiglio superiore$0285513 801 0$aIT$bUNINA$gREICAT$2UNIMARC 901 $aBK 912 $a9910252856503321 952 $aBB 386$b2385 $f DINED 959 $aDINED 996 $aCarichi da considerare nel calcolo dei ponti per strade ordinarie$91504151 997 $aUNINA